000 00962nam0a22002531 4500
001 rc\881999
005 20260406165847.0
035 _a(NLR Aleph) 006059564
090 _a4894399
_c4894399
100 _a20041129d1983 |||y0rusy50 ca
101 0 _arus
102 _aRU
105 _aa |||||||||
200 1 _aВопросы теории и практики производства чугуна
_eТемат. отрасл. сб.
_fИн-т чер. металлургии
_g[Редкол.: А.Г. Ульянов (отв. ред.) и др.]
210 _aМ.
_cМеталлургия
_d1983
215 _a95 с.
_cил.
_d21
320 _aБиблиогр. в конце ст.
702 1 _aУльянов
_bА.Г.
_4340
712 0 2 _aИнститут черной металлургии
_cДнепропетровск
_3RU\NLR\AUTH\889937179
_9369135
801 0 _aRU
_bNLR
_gpsbo
801 1 _aRU
_bELAR
_2rusmarc
852 _aNLR
_j83-6/3989
942 _cBOOK
980 _aNB